Normal view MARC view
  • Chen, Kefei

Entry Personal Name

Number of records used in: 1

001 - CONTROL NUMBER

  • control field: 95253

003 - CONTROL NUMBER IDENTIFIER

  • control field: NUST

005 - DATE AND TIME OF LATEST TRANSACTION

  • control field: 20220726145137.0

008 - FIXED-LENGTH DATA ELEMENTS

  • fixed length control field: 220726|| aca||aabn | a|a d

040 ## - CATALOGING SOURCE

  • Original cataloging agency: NUST
  • Transcribing agency: NUST

100 ## - HEADING--PERSONAL NAME

  • Personal name: Chen, Kefei

670 ## - SOURCE DATA FOUND

  • Source citation: Work cat.: (NUST)188710: Chen, Kefei,, Progress on cryptography :, c2004.
© 2023 Central Library, National University of Sciences and Technology. All Rights Reserved.